Recent developments in asymmetric organocatalysis / (رقم التسجيلة. 21827)

تفاصيل مارك
000 -الفاتح
حقل البيانات ثابتة الطول 01098cam a22003377a 4500
001 - رقم الضبط
رقم الضبط 17175969
003 - محدد رقم الضبط
رقم الضبط OSt
005 - وقت وتاريخ اخر تعامل مع التسجيلة
رقم الضبط 20150408114018.0
008 - عناصر البيانات ثابتة الطول - معلومات عامة
حقل البيانات ثابتة الطول 120222s2010 enka b 001 0 eng
010 ## - رقم ضبط مكتبة الكونجرس
رقم ضبط مكتبة الكونجرس 2012359901
015 ## - رقم الببليوجرافية الوطنية
رقم الببليوجرافية الوطنية GBB034224
المصدر bnb
016 7# - رقم ضبط الوكاله الوطنية للضبط الببليوجرافي
رقم ضبط التسجيلة 015500499
المصدر Uk
020 ## - الرقم الدولى المعيارى للكتب
الرقم الدولى المعيارى للكتاب 9781849730549 (hbk.)
020 ## - الرقم الدولى المعيارى للكتب
الرقم الدولى المعيارى للكتاب 1849730547 (hbk.)
035 ## - رقم ضبط النظام
رقم ضبط النظام (OCoLC)ocn540182462
040 ## - مصدر الفهرسة
وكالة الفهرسة الأصلية UKM
وكالة النسخ UKM
وكالة التعديل YDXCP
-- CUD
-- BWK
-- CDX
-- VRC
-- OKS
-- DLC
042 ## - رمز التحقق
رمز التحقق ukblcatcopy
-- lccopycat
050 00 - رقم طلب مكتبة الكونجرس
رقم التصنيف QD505
رقم المادة . P465 2010
082 04 - رقم تصنيف ديوى العشرى
رقم التصنيف 547.215
رقم الطبعة 22
100 1# - المدخل الرئيسى - إسم شخصى
الإسم الشخصى Pellissier, Hélène.
9 (RLIN) 11904
245 10 - بيان العنوان
العنوان Recent developments in asymmetric organocatalysis /
بيان المسئوليه,etc Hélène Pellissier.
260 ## - PUBLICATION, DISTRIBUTION, ETC. (IMPRINT)
مكان الناشر او الموزع Cambridge :
اسم الناشر او الموزع RSC Pub.,
تاريخ النشر أو التوزيع 2010.
300 ## - الوصف المادى
التعداد xv, 241 p. :
تفاصيل ماديه اخرى للوعاء ill. ;
أبعاد الوعاء 24 cm.
490 1# - بيان السلسلة
عنوان السلسلة RSC catalysis series ;
رقم المجلد/ التعيين التسلسلي no. 3
504 ## - تبصرة ببليوجرافية
تبصرة ببليوجرافية,الخ Includes bibliographical references and index.
650 #0 - المدخل الاضافى بالموضوع-مصطلح موضوعى
مصطلح موضوعي أو اسم جغرافي كعنصر مدخل Catalysis.
9 (RLIN) 11897
650 #0 - المدخل الاضافى بالموضوع-مصطلح موضوعى
مصطلح موضوعي أو اسم جغرافي كعنصر مدخل Chemistry, Organic.
9 (RLIN) 5289
830 #0 - المدخل الاضافى بالسلسلة -عنوان موحد
عنوان موحد RSC catalysis series ;
رقم المجلد/ التعيين التسلسلي no. 3.
9 (RLIN) 11905
942 ## - عناصر المدخل الإضافي( كوها)
مصدر التصنيف او مخطط الترفيف Dewey Decimal Classification
Koha [default] item type كتاب
المقتنيات
حالة الفقد نموذج السعر الفعال حالة تلف ليس للاعارة رقم الطلب تاريخ الاكتساب الموقع الحالي الباركود الفرع الرئيسي Date last seen نوع المادة فى نظام كوها مصدر التصنيف او خطة الترفيف Total Checkouts
  2013-03-10     547.215 P H R 2012-04-23 مكتبة كلية التمريض - طالبات (CNF) 00085001 مكتبة كلية التمريض - طالبات (CNF) 2013-03-10 كتاب Dewey Decimal Classification  
  2013-03-10     547.215 P H R 2012-04-23 مكتبة كلية التمريض - طالبات (CNF) 00085002 مكتبة كلية التمريض - طالبات (CNF) 2013-03-10 كتاب Dewey Decimal Classification